000 01532cam a22004454i 4500
003 PE-LiUPU
005 20250731172728.0
008 150617s1969 sp r 000 0 spa d
035 _a(Sirsi) a11381
040 _aPE-LiUPU
_bspa
_cPE-LiUPU
_erda
049 _aPRUA
082 0 4 _a221.07
_bCBAT
_221
100 1 _aBrown, Raymond E.,
_eautor.
245 1 3 _aEl Libro del Deuteronomio /
_cIntroducción y comentario por Raymond E. Brown.
264 1 _aSantander :
_bEditorial Sal Terrae,
_c1969.
300 _a178 páginas ;
_c17 centímetros.
336 _atext
_2rdacontent
337 _aunmediated
_2rdamedia
338 _avolume
_2rdacarrier
490 0 _a(Conoce la Biblia: Antiguo Testamento ;
_v10)
500 _aTítulo en cubierta: "Deuteronomio"
505 0 _aPrimer discurso de Moisés -- Segundo discurso de Moisés -- Tercer discurso de Moisés -- Apéndices -- La Alianza en el Antiguo Testamento -- Temas para repaso y discusión -- Abreviaturas.
526 _aSEG42
526 _aSEG41
526 _aSEG40
526 _aSEG39
526 _aP94
526 _aP87
526 _aP86
526 _aP85
526 _aP77
526 _aP76
526 _aP35
630 0 _aBiblia.
_pDeuteronomio
_xCrítica, interpretación, etc.
_91545
910 _ajck
942 _2ddc
_cBK
949 _a221.08 C 10
_wDEWEY
_c1
_i13442
_lCCODEBUL1
_mBUL
_p00.00
_r0
_sY
_tBOOK
_u19740830
_xTEOLOGIA
_0COMPRA
_o.STAFF. Colección Teología
980 _81
_gALBERTO SANCHEZ Responsable de Automatización
999 _c1526
_d1526